000
00325nam a22001457a 4500
003
OSt
005
20160727222410.0
008
160624b xxu||||| |||| 00| 0 eng d
040
_c
TEST
100
_9
958
_a
Sumer Book Depot
245
_a
Science Today
260
_a
NEW DELHI
_b
S.B.D
300
_a
Science Today
942
_2
ddc
_c
BK
999
_c
761
_d
761